Économie de l'environnement et économie écologique : Les nouveaux chemins de la prospérité (notice n° 1566690)
[ vue normale ]
| 000 -LEADER | |
|---|---|
| fixed length control field | 01210cam a2200145 4500500 |
| 005 - DATE AND TIME OF LATEST TRANSACTION | |
| control field | 20251214002024.0 |
| 041 ## - LANGUAGE CODE | |
| Language code of text/sound track or separate title | fre |
| 042 ## - AUTHENTICATION CODE | |
| Authentication code | dc |
| 100 10 - MAIN ENTRY--PERSONAL NAME | |
| Personal name | Laurent, Éloi |
| Relator term | author |
| 245 00 - TITLE STATEMENT | |
| Title | Économie de l'environnement et économie écologique : Les nouveaux chemins de la prospérité |
| 260 ## - PUBLICATION, DISTRIBUTION, ETC. | |
| Name of publisher, distributor, etc. | Armand Colin,<br/> |
| Date of publication, distribution, etc. | 2015.<br/> |
| 520 ## - SUMMARY, ETC. | |
| Summary, etc. | Ce manuel inédit rapproche l’analyse économique et le monde naturel.Cette 2e éditionactualise les grandes notions développées en matière d’économie de l’environnement et étudieles avancées contemporaines de l’économie écologique.Elle montre commentcombiner le maintien d’un environnement vivable, le développement économique et une organisation sociale équitable. EIle présente les méthodesde valorisation économique des écosystèmes et de la biodiversité ettraite de la question de la justice et des inégalités environnementales. Cette 2e édition présente les enjeux de la Conférence climat de Paris qui se dérouleraà partir de novembre 2015. |
| 700 10 - ADDED ENTRY--PERSONAL NAME | |
| Personal name | Le Cacheux, Jacques |
| Relator term | author |
| 856 41 - ELECTRONIC LOCATION AND ACCESS | |
| Uniform Resource Identifier | <a href="https://shs.cairn.info/economie-de-l-environnement-et-economie-ecologique--9782200611767?lang=fr&redirect-ssocas=7080">https://shs.cairn.info/economie-de-l-environnement-et-economie-ecologique--9782200611767?lang=fr&redirect-ssocas=7080</a> |
Pas d'exemplaire disponible.




Réseaux sociaux